Ukrajinská menšina vo Vyšehradskom regióne bakalárska práca

Uložené v:
Podrobná bibliografia
Hlavný autor: Naumenko, Ruslana
Korporativný autor: Fakulta medzinárodných vzťahov EU. Katedra medzinárodných politických vzťahov
Ďalší autori: Krkošková, Zuzana
Médium: Kniha
Jazyk:Slovak
Vydavateľské údaje: Bratislava 2017
Tagy: Pridať tag
Žiadne tagy, Buďte prvý, kto otaguje tento záznam!

MARC

LEADER 00000nbm a2200000 4500
001 0235376
005 20180223122420.1
041 0 |a slo 
044 |a SK 
245 1 0 |a Ukrajinská menšina vo Vyšehradskom regióne  |b bakalárska práca  |c Ruslana Naumenko ; školiteľ: Zuzana Krkošková 
264 1 |a Bratislava  |c 2017 
300 |a 46 s. 
100 1 |a Naumenko, Ruslana 
700 1 |a Krkošková, Zuzana 
710 2 |a Fakulta medzinárodných vzťahov EU. Katedra medzinárodných politických vzťahov